| 000 | 00364nam a2200145Ia 4500 | ||
|---|---|---|---|
| 008 | 230917s9999||||xx |||||||||||||| ||und|| | ||
| 040 |
_e115750 _aMAIN |
||
| 041 | _aEnglish | ||
| 082 | _a822.33 S15K:W | ||
| 100 | _aEliot, T S | ||
| 245 | 0 | _aWilson Knight: The wheel of fire | |
| 260 |
_aLondon _bRoutledge & Kegan Paul _c2007 |
||
| 300 | _a393 p. | ||
| 942 | _cBK | ||
| 999 |
_c143742 _d143742 |
||